书目信息 |
| 题名: |
日本古典文学作品选读
|
|
| 作者: | 高文汉编著 | |
| 分册: | ||
| 出版信息: | 上海 上海外语教育出版社 2006.09 |
|
| 页数: | 361页 | |
| 开本: | 21cm | |
| 丛书名: | 新世纪高等学校日语专业本科生系列教材 | |
| 单 册: | ||
| 中图分类: | I313.062 | |
| 科图分类: | ||
| 主题词: | 古典文学-作品集-高等学校-日文-日本 | |
| 电子资源: | ||
| ISBN: | 7-5446-0043-2 | |
| 000 | 00739nam0 2200229 45 | |
| 001 | 010463561429 | |
| 005 | 20070607154130.65 | |
| 010 | @a7-5446-0043-2@dCNY25.00 | |
| 100 | @a20061027d2006 ekmy0 y0120 ea | |
| 102 | @aCN@b310000 | |
| 105 | @ay z 000yy | |
| 200 | 1 | @a日本古典文学作品选读@f高文汉编著 |
| 210 | @a上海@c上海外语教育出版社@d2006.09 | |
| 215 | @a361页@d21cm | |
| 225 | 2 | @a新世纪高等学校日语专业本科生系列教材@f谭晶华总主编 |
| 330 | @a本书从日本古典前期的文学讲起,基本反映了日本古典文学的全貌。每课包括选篇、注释、鉴赏、翻译、练习等。 | |
| 606 | 1 | @a古典文学-作品集-高等学校-日文-日本 |
| 690 | @aI313.062@v4 | |
| 701 | 0 | @a高文汉编著 |
| 801 | 0 | @aCN@c20070607 |
| 905 | @dI313.062@eG182 | |
| 906 | @dCNY25.00@n3@r1 | |
| 日本古典文学作品选读/高文汉编著.-上海:上海外语教育出版社,2006.09 |
| 361页;21cm.-(新世纪高等学校日语专业本科生系列教材/谭晶华总主编) |
| ISBN 7-5446-0043-2:CNY25.00 |
| 本书从日本古典前期的文学讲起,基本反映了日本古典文学的全貌。每课包括选篇、注释、鉴赏、翻译、练习等。 |
| ● |
| 相关链接 |
|
|
|
正题名:日本古典文学作品选读
索取号:I313.062/G182
 
预约/预借
| 序号 | 登录号 | 条形码 | 馆藏地/架位号 | 状态 | 备注 |
| 1 | 232455 | 202324555 | 文学库116/209语言库 131排2列5层/ [索取号:I313.062/G182] | 在馆 | |
| 2 | 232456 | 202324564 | 文学库116/209语言库 131排2列5层/ [索取号:I313.062/G182] | 在馆 | |
| 3 | 232457 | 202324573 | 文学库116/209语言库 131排2列5层/ [索取号:I313.062/G182] | 在馆 |